000 00498nam a2200205Ia 4500
003 0100
008 130307s9999 xx 000 0 und d
040 _cARRUPELIB
050 _aBF697.M67 1967
100 _aMoustakas , Clark E
245 _aCreativity and Conformity
260 _aToronto
260 _bD. Van Nostrand Co. Inc.
260 _c1967
300 _axv
300 _b141p. 20cm.
650 _aPSYCHOLOGY
650 _bPsychology - development of the human soul
942 0 0 _01
999 _c96024
_d96024